Strzelcy bramek w 16 kolejce Ekstraklasy w sezonie 20/21. - Statystyki

Ogólne statystyki
  • Ten quiz został rozwiązany 10 razy
    6 od ostatniego zresetowania
  • Średni wynik to 9 z 16
Statystyki odpowiedzi
Mecz Piłkarz % Poprawnych
Podbeskidzie - Górnik Zabrze 1:1 Biliński
83%
Podbeskidzie - Górnik Zabrze 2:1 Biliński
83%
Wisła Kraków - Jagiellonia Białystok 2:0 Brown Forbes
67%
Stal Mielec - Wisła Płock 2:2 Matras
67%
Legia Warszawa - Raków Częstochowa 2:0 Pekhart
67%
Lechia Gdańsk - Warta Poznań 1:1 Rybicki
67%
Podbeskidzie - Górnik Zabrze 0:1 Koj
50%
Legia Warszawa - Raków Częstochowa 1:0 Luquinhas
50%
Stal Mielec - Wisła Płock 0:2 Michalski
50%
Lechia Gdańsk - Warta Poznań 1:0 Nalepa
50%
Wisła Kraków - Jagiellonia Białystok 1:0 Sadlok
50%
Pogoń Szczecin - Cracovia 1:0 Smoliński
50%
Stal Mielec - Wisła Płock 1:2 Jankowski
33%
Piast Gliwice - Śląsk Wrocław 2:0 Sokołowski
33%
Stal Mielec - Wisła Płock 0:1 Tuszyński
33%
Piast Gliwice - Śląsk Wrocław 1:0 Żyro
33%
Nie znaleziono quizów pasujących do podanych kryteriów
Rozkład punktacji
Procent ludzi z każdym wynikiem
Percentyl według liczby udzielonych odpowiedzi
Twoja historia wyników
Nie rozwiązałeś tego quizu od ostatniego zresetowania